000 00943nam a2200265Ia 4500
003 OSt
005 20220930092838.0
006 a|||||r|||| 00| 0
007 ta
008 220926b |||||||| |||| 00| 0 eng d
024 _a25292
037 _cTheses
040 _aCRL
_cCRL
_beng
041 _2eng
_aeng
100 _aThongam Sachin Singh
_9549837
110 _aUniversity OF Delhi. Faculty OF Medical Sciences. Department OF Pathology
245 0 _aStudy of the role of p 16 in the classification prognosis and predictivity of squamous cell carcinoma of the head and neck
260 _c2015
650 _aPATHOLOGY
_9174058
700 _a Brig. N. S. Mani Gu.
_9549838
700 _a Brig. Reena Bhardwaj Gu.
_9549839
700 _aUniversity OF Delhi. Faculty OF Medical Sciences. Department OF Pathology
942 _cDIS
_2CC
999 _c884381
_d884381